000 00872nam a22001937a 4500
010 _a1617CH-EN
020 _a9789350466377
_c150.00
035 _aB-641327-344
035 _aB-667400
037 _aDPL
_bAakar/Ven.
100 _aSengupta, Swati
245 _aThe talking bird /
_cby Swati Sengupta; illustrated by Sayan Mukherjee
260 _bTulika
_c2015
_aChennai
270 _a24/1, Ganapathy Colony, Third Street, Teynampet,
_bChennai
_e600018
300 _a26p.
_c19cm(pbk)
942 _2ddc
_cCH
_mSEN
_hS
999 _c100880
_d100880